01624cam a2200277c 45000010006000000050017000060080041000230100013000640200032000770200032001090200032001410200032001730400011002050820015002162450386002312600040006173000055006574400008007125040029007205200315007496300031010647000057010959420012011529990017011649520165011811336720251001113329.0760421s1962 nyuab bd 00000 eng  a62009387 a0687192706 (v. 1) :c$44.95 a0687192714 (v. 2) :c$44.95 a0687192730 (v. 4) :c$35.00 a0687192722 (v. 3) :c$44.95 aBSULIB a220.3bINT04aThe Interpreter's dictionary of the Bible : R-Zban illustrated encyclopedia identifying and explaining all proper names and significant terms and subjects in the Holy Scriptures, including the Aprocrypha, with attention to archaeological discoveries and researches into the life and faith of ancient times/c[editorial board: George Arthur Buttrick, dictionary editor, and others] aNew York :bAbingdon Press,cc1962. a4 v. :bill (same col.) maps (same col.) ;c27 cm. vV.4 aIncludes bibliographies. aThe Dictionary features: more than 7500 entries, with many terms not found in earlier works, full length articles on each book of the Bible, the Apocrypha and other extra-canonical books, including the Dead Sea Scrolls and the Gnostic manuscripts ; and on great theological concepts and doctrines of the Bible.00aBiblevDictionaries.995821 aButtrick, George Arthur,d1892-1980,eeditor.915752 2ddccBK c13367d13367 00102ddc4070absubbsucOSd2025-10-01eDonationi26044l0o220.3 INTpbsu25100016r2025-10-01 11:34:23t001w2025-10-01yBKzMaterial available in hard copy